00471nam a2200157Ia 4500003000400000005001700004008004100021040001800062041000800080082001500088100005300103245010400156260002500260600001400285650001400299OSt20260325112946.0211028s2006 xx 000 0 und d cAIMIT LIBRARY aeng a658.8 SOAS aSoans, Sushma Jennifer;Pinto, Prakash.g40911126 aDay of the week effect: an empirical study of NIFTY, SENSEX,S and P 500,NIKKEI 225,DAX and CAC 40 / bPinto, Prakashc2006 aMarketing aMarketing